| 000 | 00815nam a2200277 a 4500 | ||
|---|---|---|---|
| 999 |
_c3666 _d3666 |
||
| 001 | 3666 | ||
| 003 | BD-JhCC | ||
| 005 | 20171115210647.0 | ||
| 008 | 720714s1964 mau b 000 0 eng | ||
| 035 | _a(BD-JhCC)3666 | ||
| 035 | _a(OCoLC)356839 | ||
| 040 |
_aDLC _cODaWU _dOCoLC _dDLC _dBD-JhCC |
||
| 041 | _aeng | ||
| 050 | 0 | 0 |
_aPR2983 _b.C44 |
| 082 |
_a822.33 _bCHA 1964 |
||
| 100 | 1 | _aCharney, Maurice | |
| 245 | 1 | 0 |
_aDiscussions of Shakespeare's Roman plays / _cMaurice Charney, |
| 260 |
_aBoston, _bD C Heath and Company _c[1964] |
||
| 300 |
_axiv, 170 p. _c21 cm. |
||
| 490 | 0 | _aDiscussions of literature | |
| 504 | _a"Notes and suggestions for further reading": p. xi-xii. | ||
| 600 | 1 | 0 |
_aShakespeare, William, _d1564-1616 _xHistories. |
| 650 | _aEnglish Drama | ||
| 942 |
_2ddc _cBK |
||